The relevance of apocalyptic; a study of Jewish and Christian apocalypses from Daniel to the Revelation (Record no. 37659)

MARC details
000 -LEADER
fixed length control field 00576nam a22001337a 4500
008 - FIXED-LENGTH DATA ELEMENTS--GENERAL INFORMATION
fixed length control field 101214t xxu||||| |||| 00| 0 eng d
050 ## - LIBRARY OF CONGRESS CALL NUMBER
Classification number BS 2825 .R69 1963
100 ## - MAIN ENTRY--PERSONAL NAME
Personal name H. H. Rowley
245 ## - TITLE STATEMENT
Title The relevance of apocalyptic; a study of Jewish and Christian apocalypses from Daniel to the Revelation
Statement of responsibility, etc H H Rowley
260 ## - PUBLICATION, DISTRIBUTION, ETC. (IMPRINT)
Place of publication, distribution, etc New York,
Name of publisher, distributor, etc Association Press
Date of publication, distribution, etc 1963
300 ## - PHYSICAL DESCRIPTION
Extent xii; 240 p.
Dimensions 23 cm.
942 ## - ADDED ENTRY ELEMENTS (KOHA)
Source of classification or shelving scheme Library of Congress Classification
Item type Book
Holdings
Withdrawn status Lost status Source of classification or shelving scheme Damaged status Not for loan Collection code Home library Current library Shelving location Date acquired Source of acquisition Total Checkouts Full call number Barcode Date last borrowed Copy number Price effective from Koha item type
    Library of Congress Classification     Non-fiction Bishop Okullu Memorial Library (Limuru Campus) Bishop Okullu Memorial Library (Limuru Campus) General Circulation 14/12/2010 purchase 3 BS 2825 .R69 1963 024198 30/09/2016 1 14/12/2010 Book